| 000 | 00409nam a2200193Ia 4500 | ||
|---|---|---|---|
| 008 | 210210b1931 xxu||||| |||| 00| 0 eng d | ||
| 041 | _aeng | ||
| 082 | _a520/58 | ||
| 100 | _aFORBES (George) | ||
| 245 | _aStars | ||
| 260 |
_aLondon _bErnest Benn Limited _c1931 |
||
| 300 | _a80 | ||
| 650 | _asun | ||
| 650 | _aStars | ||
| 650 | _amoon | ||
| 650 | _aEarth | ||
| 690 | _aAstronomy | ||
| 906 | _a008043 | ||
| 999 |
_c126034 _d126034 |
||